000 004590000a22001810004500
003 MACL
005 20160101120509.0
008 160101b xxu||||| |||| 00| 0 eng d
040 _aMACL
_cMACL
041 _aEnglish
082 _a340
100 _aN M Tripathi Pvt Ltd
_926183
245 _aDirectory of Law Colleges and Law Teachers in India
260 _bN M Tripathi Pvt Ltd
_aBombay
350 _a7.50
650 _aLaw
_926184
942 _cBK
_k340
_2ddc
999 _c35741
_d35741